000
00230nam a22001097a 4500
040
_c
HS
082
_a
663
100
_a
TAMMY FOSTER
245
_a
Beverage quality and safety
260
_a
New York
_b
TAMMY FOSTER
_c
2003
942
_c
EK
999
_c
8633
_d
8633